00934nas a2200229Ia 4500001001100000003000900011008004100020040001300061040001300074041001300087100003800100210001600138222001600154245008700170250001100257260002800268501008600296300001800382362003600400500023200436650003600668R017/67540IT-RoPAU151124c99999999xx |||||||||||| ||und|| aIT-RoPAU cIT-RoPAU aITALIANO aAA.VV. gCodice Aut. SPICS: 12000 aFILMCRITICA aFilmcritica aFILMCRITICA, ANNO 15-N.142 (FEBBRAIO 1964)bPaura Moderna di Alfred Hitchcock (La) a1a ed. aROMAbFILMCRITICAc1964 bPaulus - SPICS - Società San Paolo EM (non-commercial uses only)cCopyright2015 a17 p. [67-83] aANNO 015, N.142 (FEBBRAIO 1964) aDibattito Sul Fil gli Uccelli di Hitchcock. Elementi Irrealistici. Simboli. Identificazione. Paura del Certo. Valori Delle Minoranze. Musica Elettronica. Polemica Contro il Conformismo. Morale Cattolica. Razionalità e Rigore. aCINEMAvPUBBLICAZIONE PERIODICA